| 000 | 00465cam a22001217a 4500 | ||
|---|---|---|---|
| 008 | 180718b1959 xxu||||| |||| 00| 0 eng d | ||
| 082 | _aK78x54 In2/3 | ||
| 245 | _aThird annual conference: morale in the public services and improving city government, New Delhi, April 26, 1959 | ||
| 260 |
_aNew Delhi _bIndian Institute of Public Administration _c1959 |
||
| 300 | _a48p. | ||
| 650 | _aEmployees incentives - India | ||
| 700 | _aIndian Institute of Public Administration | ||
| 999 |
_c502081 _d502081 |
||